Mťodos estads̕ticos en la evaluacin̤ sensorial de bebidas de caf̌
El siguiente video trata el tema de los mťodos estads̕ticos en la evaluacin̤ sensorial de bebidas de caf,̌ se identifican los sabores y aromas del caf.̌
Uloženo v:
| Další autoři: | , |
|---|---|
| Médium: | Kniha |
| Jazyk: | španělština |
| Témata: | |
| On-line přístup: | Mťodos estads̕ticos en la evaluacin̤ sensorial de bebidas de caf̌ |
| Tagy: |
Přidat tag
Žádné tagy, Buďte první, kdo vytvoří štítek k tomuto záznamu!
|
MARC
| LEADER | 00000nam a22000004a 4500 | ||
|---|---|---|---|
| 001 | vpro11538 | ||
| 005 | 20201223000000.0 | ||
| 008 | 170410s2017 ck # g## #001 0#spa#d | ||
| 020 | |||
| 022 | |||
| 040 | |a CO-BoINGC | ||
| 041 | 0 | |a spa | |
| 245 | 1 | 0 | |a Mťodos estads̕ticos en la evaluacin̤ sensorial de bebidas de caf̌ |
| 246 | |a Statistical methods for coffee sensory analysis | ||
| 264 | |a Bogot ̀(Colombia) : |b Revista VirtualPRO, |c 2017 | ||
| 520 | 3 | |a El siguiente video trata el tema de los mťodos estads̕ticos en la evaluacin̤ sensorial de bebidas de caf,̌ se identifican los sabores y aromas del caf.̌ | |
| 650 | \ | \ | |a Agroindustria |
| 650 | \ | \ | |a Industria del caf̌ |
| 650 | \ | \ | |a Caf̌ |
| 650 | \ | \ | |a Agro-industry |
| 650 | \ | \ | |a Coffee industry |
| 650 | \ | \ | |a Coffe |
| 650 | \ | \ | |a Aromas del caf̌ |
| 650 | \ | \ | |a Sabores del caf̌ |
| 650 | \ | \ | |a Calidad del caf̌ |
| 650 | \ | \ | |a Mťodos estads̕ticos |
| 650 | \ | \ | |a Catacin̤ de caf̌ |
| 650 | \ | \ | |a Coffee aromas |
| 650 | \ | \ | |a Coffee flavors |
| 650 | \ | \ | |a Coffee quality |
| 650 | \ | \ | |a Statistical methods |
| 650 | \ | \ | |a Coffee cupping |
| 700 | \ | \ | |a Barahona Torres Igor |
| 700 | \ | \ | |a Universidad Nacioanl Autn̤oma de Mx̌ico (UNAM). |
| 856 | |z Mťodos estads̕ticos en la evaluacin̤ sensorial de bebidas de caf̌ |u https://virtualpro.unach.elogim.com/biblioteca/metodos-estadisticos-en-la-evaluacion-sensorial-de-bebidas-de-cafe | ||